000 00428nam a22001697a 4500
005 20160611114607.0
008 160611b xxu||||| |||| 00| 0 eng d
020 _a81-86314-40-7
041 _aeng
082 _b6867
100 _aJhamb, L.C.
_9776
245 _aCases and Problems on Quantitative Techniques
260 _aPune
_bEverest Publication House,
_c1987
300 _a307
650 _aManagement
_9241
942 _cBK
999 _c2392
_d2391